000 01454cam a22003613a 4500
001 6849
003 FISKH
005 20250603102041.0
008 050314s2005 nyua j 000 0 eng d
010 _a 2005924078
020 _a0375833919
020 _a9780375833915
040 _aIUK
_cIUK
_dBAKER
_dDLC
_beng
050 _aPZ7.H37413
082 _a813
100 1 _aHeling, Kathryn.
245 1 0 _aBear's big ideas :
_ba write-in reader /
_cby Kathryn Heling and Deborah Hembrook ; illustrated by Richard Walz.
260 _aNew York :
_cRandom House,
_b2005.
300 _a 32 pages :
_bcolor illustrations ;
_c23 cm
490 _aStep into reading ;
_vStep 2
500 _a"Reading and writing with help."
505 _aG
520 _aBear has a habit of waking up with a growling tummy. He also has the habit of thinking up big ideas. With the help of his friends, Buck and Moose, he builds a boat in the summer and then an ice shanty in the winter so they can fish and feast! This Step 2 Write-In Reader includes writing and drawing activities just right for budding young writers.
521 8 _a300
_bLexile estimate
521 8 _aG
_bRaz-Plus
650 0 _aBears
_vJuvenile fiction.
650 0 _aProblem solving
_vJuvenile fiction.
700 1 _aHembrook, Deborah.
_eAuthor
700 1 _aWalz, Richard.
_eillustrator
906 _a7
_bcbc
_ccopycat
_d2
_eepcn
_f20
_gy-gencatlg
942 _2ddc
_cBK
_n0
999 _c6849
_d6849